| 000 | | | 03969nmc2a22002891x 450 |
| 001 | | | e621f7cc-0b24-4dd1-96c8-92c19e4e2d39 |
| 005 | | | 20130830172528.0 |
| 100 | ## | $a | 20130731l19051906k y0rusy50 ca |
| 101 | 0# | $a | rus |
| 102 | ## | $a | RU |
| 105 | ## | $a | y z ||||| |
| 200 | 1# | $a | Путятин Н., князь |
| | $j | 3 марта 1905 - 24 ноября 1906 |
| 215 | ## | $a | 4 листа |
| | $c | марки |
| 251 | ## | $c | Дело |
| 300 | ## | $a | Заголовок дела на папке: Письма Путятина Н., князя, Никольскому Б. Вл. |
| 300 | ## | $a | 2 письма |
| 300 | ## | $a | Листы 1, 3: конверты |
| 300 | ## | $a | Рукописный текст |
| 330 | ## | $a | А. Переписка; 1. Письма к Б. В. Никольскому; (Геерлингер И., Мичерлинг А. А.) см. № 495 |
| 461 | #0 | $1 | 0011c5950b4-9b17-43ad-92f1-e565a07ae223 |
| | $1 | 2001 |
| | $a | Никольский Борис Владимирович, историк права, профессор Юрьевского и Петербургского университетов, один из руководителей главного совета "Русского собрания", поэт, критик |
| | $1 | 251 |
| | $c | Фонд |
| | $1 | 852 |
| | $j | 588 |
| 462 | #0 | $1 | 001855f2cb0-80f8-42f6-88fa-41bf4837b2b7 |
| | $1 | 2001 |
| | $a | Никольский Борис Владимирович. 1837-1919 гг. |
| | $1 | 251 |
| | $c | Опись |
| | $1 | 852 |
| | $j | 1 |
| 517 | ## | $a | Письма Путятина Н., князя, Никольскому Б. Вл. |
| 600 | #1 | $a | Никольский |
| | $b | Б. В. |
| | $g | Борис Владимирович |
| 600 | #1 | $a | Путятин |
| | $b | Н. |
| | $c | князь |
| 801 | #0 | $a | RU |
| | $b | GA_RF |
| 801 | #1 | $a | RU |
| | $b | НПО Опыт |
| | $c | 20130731 |
| | $2 | rusmarc |
| 801 | #2 | $a | RU |
| | $b | ПБ им. Б.Н. Ельцина |
| | $c | 20130830 |
| | $g | RCR |
| | $2 | rusmarc |
| 852 | ## | $a | ГА РФ |
| | $j | 636 |
| 937 | ## | $d | 31153367 |
| | $h | ПБ |
| 035 | ## | $a | RuPRLIB51010115 |